| 000 | 02098cam a22004574i 4500 | ||
|---|---|---|---|
| 003 | PE-LiUPU | ||
| 005 | 20250731172812.0 | ||
| 008 | 150617s r 000 0 d | ||
| 035 | _a(Sirsi) a13678 | ||
| 040 |
_aPE-LiUPU _bspa _cPE-LiUPU _erda |
||
| 049 | _aPRUA | ||
| 082 | 0 | 4 |
_a211.6802 _bK63 _221 |
| 100 | 1 |
_aKloppenburg, Buenaventura, _eautor. |
|
| 245 | 1 | 3 |
_aEl cristiano secularizado : _bel humanismo del Vaticano II / _cBuenaventura Kloppenburg. |
| 264 | 1 |
_aBogotá : _bPaulinas e Indo-American, _c1971. |
|
| 300 |
_a255 páginas ; _c20 cm |
||
| 336 |
_atext _2rdacontent |
||
| 337 |
_aunmediated _2rdamedia |
||
| 338 |
_avolume _2rdacarrier |
||
| 490 | 0 |
_aColección Iglesia en el mundo ; _v16 |
|
| 505 | 0 | _aSecularización. -Lo sagrado en un mundo en secularización. -La religión en un mundo en secularización. -El Dios de ayer y de hoy. -Tentación de Secularismo o de ateísmo. -Raíces o causa del ateísmo. -Respuestas de la iglesia al ateísmo. -El misterio del silencio y el ocultamiento de Dios. -La dignidad de la persona humana y sus exigencias. -La doctrina en general. -Las libertades en particular. -Algunas consecuencias. -La índole social del hombrey sus consecuencias. -Valor religioso de la actividad humana en el orden temporal. -Hacia una iglesia compenetrada con el mundo. -La santificación de un mundo desacralizado. | |
| 526 | _aSEG42 | ||
| 526 | _aSEG41 | ||
| 526 | _aSEG40 | ||
| 526 | _aSEG39 | ||
| 526 | _aP94 | ||
| 526 | _aP87 | ||
| 526 | _aP86 | ||
| 526 | _aP85 | ||
| 526 | _aP77 | ||
| 526 | _aP76 | ||
| 526 | _aP35 | ||
| 650 | 0 | 4 | _aSecularización (Teología). |
| 910 |
_ajck _bjvq _cjck _d20150616 |
||
| 942 |
_2ddc _cBOOK |
||
| 949 |
_a211.6802 K63 _wDEWEY _c1 _i12268 _lCCODEBUL1 _mBUL _p00.00 _r0 _sY _tBOOK _u19980208 _xTEOLOGIA _PP35 _0COMPRA _o.STAFF. Colección General |
||
| 994 |
_aC0 _bPEPRU |
||
| 596 | _a1 | ||
| 999 |
_a211.6802 K63 _wDEWEY _c4071 _i12268 _d4071 _f2021-11-11 _g5 _lCCODEBUL1 _mBUL _q1 _r0 _sY _tBOOK _u2015-6-17 _xTEOLOGIA _PP35 _0COMPRA _o.STAFF. Colección General |
||
| 980 |
_81 _gALBERTO SANCHEZ Responsable de Automatización |
||